000 00509nam a2200181Ia 4500
999 _c8527
_d8527
003 OSt
005 20201009111311.0
008 190216s9999||||xx |||||||||||||| ||und||
040 _coclc
082 _a004
_bPIL/C
100 _aPillai, P R Sreedharan
_91179
245 0 _aComputer Applications /
_cP R Sreedharan Pillai
250 _a1st Ed.
260 _bNational Publications,
_c1997.
_aCalicut:
300 _a280p
650 _aComputer
942 _cBK
_2ddc
_h004
_iPIL/C
_k004
_mPIL/C